00631nam a2200193Ia 4500003000900000008004100009040001600050080001200066100002000078245012200098260002800220300001900248650001900267650001600286700002500302942000700327999001500334952008800349IN-BaIIA211028s9999 xx 000 0 eng d cIIA Library a53bDUN aDuncan, J98111 2aA Text book of physicsbpt. 2, heat, for the use of students of science and engineeringcJ. Duncan and S. G. Starling aLondonbMacmillanc1931 axii, 314-548p. aNASA Thesaurus aPhysics973 aStarling, S. G98112 cBK c4598d4598 00104070aBANbBANcGENd0000-00-00l0o53/ DUNp5131r2021-11-05w0000-00-00yBK